Multiculturalismo : orientaciones filosóficas para una argumentación pluralista /
Se aborda en esta obra el fenómeno del multiculturalismo contemporáneo, desde la perspectiva contextual con una mirada ética y epistemológica. El autor propone un pluralismo cultural como modelo de interpretación respetuoso de las diferencias y particularidades culturales, pero al mismo tiempo sufic...
محفوظ في:
| المؤلف الرئيسي: | |
|---|---|
| مؤلفون آخرون: | |
| التنسيق: | كتاب |
| اللغة: | الإسبانية |
| منشور في: |
México :
UNAM, Escuela Nacional de Estudios Profesionales Acatlán : Plaza y Valdés,
2002, c2001
|
| الموضوعات: | |
| الوسوم: |
لا توجد وسوم, كن أول من يضع وسما على هذه التسجيلة!
|
MARC
| LEADER | 00000nam^a2200000^a^4500 | ||
|---|---|---|---|
| 001 | 000144876 | ||
| 005 | 20250521000000.0 | ||
| 009 | 20260310095814.554 | ||
| 020 | |a 968-856-987-9 | ||
| 037 | |a Acervo ITESO - Biblioteca | ||
| 041 | |a ESP | ||
| 082 | |a 306. 446 |b SAL | ||
| 100 | |a Salcedo Aquino, José Alejandro |e (autor) | ||
| 245 | 1 | 0 | |a Multiculturalismo : |b orientaciones filosóficas para una argumentación pluralista / |c J.A. Salcedo Aquino ; pról. de M. Beuchot. |
| 264 | 4 | |a México : |b UNAM, Escuela Nacional de Estudios Profesionales Acatlán : |b Plaza y Valdés, |c 2002, c2001 | |
| 300 | |a 178 p. | ||
| 336 | |a texto |b txt |2 rdacontenido | ||
| 337 | |a sin mediación |b n |2 rdamedio | ||
| 338 | |a volumen |b nc |2 rdasoporte | ||
| 520 | |a Se aborda en esta obra el fenómeno del multiculturalismo contemporáneo, desde la perspectiva contextual con una mirada ética y epistemológica. El autor propone un pluralismo cultural como modelo de interpretación respetuoso de las diferencias y particularidades culturales, pero al mismo tiempo suficientemente abarcador para permitir universalizar aspectos culturales de convivencia. | ||
| 649 | |a XX | ||
| 650 | |a Diversidad Cultural | ||
| 650 | |a Diferencia y Otredad | ||
| 650 | |a Relaciones Interculturales | ||
| 650 | |a Inmigración | ||
| 650 | |a Minorías | ||
| 650 | |a Identidad Cultural | ||
| 650 | |a Discriminación de Género | ||
| 650 | |a Racismo | ||
| 650 | |a Igualdad y Desigualdad | ||
| 650 | |a Pluralismo | ||
| 650 | |a Verdad | ||
| 650 | |a Humanismo | ||
| 650 | |a Cultura - |x Filosofía | ||
| 700 | |a Beuchot, Mauricio |e (prólogo) | ||
| 910 | |a Fondo General | ||
| 920 | |a Impresos - Libros | ||
| 930 | |a Colección General | ||
| 905 | |a 101 | ||
| 901 | |a 0500074138 |b IT1 |c ACC |u 20250521 | ||
| 902 | |a https://opac.biblio.iteso.mx/vufind/Record/000144876 | ||